00850nam a2200229 a 4500001001000000003000500010005001700015008004100032010001100073011001100084040000900095100003300104245015100137260004100288500006000329502007700389650002300466650003500489650001300524650001300537856007000550000112048CHAP20220329144244.0151201s2015 mx a fsm |||||||spa d a108509 a109481 cCHAP1 aGarcía Moreno, Luis Raúl10aAprovechamiento de residuos agropecuarios para el cultivo de microalgas con fines bioenergéticosh[En línea]cpor Luis Raúl García Moreno. aChapingo, Méx. :bEl autor,c2015. aPara ver el contenido del material haga clic en la liga aTesis (Ing. Agr. Esp. en Fitotecnia) -- UACH. Departamento de Fitotecnia14aAceites vegetales.14aBiocombustiblesxProducción.14aBiomasa.14aCompost. aFinding aiduhttp://10.13.5.2/tesis/sist112048.pdfzTeclea aquí